| 000 | 00807nmm a2200253 a 4500 | ||
|---|---|---|---|
| 001 | ocm000668084 | ||
| 003 | TR-IsHL | ||
| 005 | 20201028132358.0 | ||
| 008 | 131030s1990 tu tur | ||
| 007 | cr cn | ||
| 035 |
_a668084 _b(N$T) |
||
| 050 | 0 | 4 |
_aPL248.A98 _bG8 1990 |
| 090 | 0 | 4 |
_aPL248.A98 _bG8 1990 |
| 100 | 1 | _aAytaç, Ahmet | |
| 245 | 1 | 0 |
_aGün doğmadan _h[electronic resource] / _cAhmet Aytaç |
| 260 |
_aİstanbul : _bBiyografi Net İletişim ve Yayıncılık, _c1990 |
||
| 300 | _a224 p. | ||
| 650 | 4 | _aDil ve Edebiyat | |
| 650 | 4 | _aLanguage and Literature | |
| 650 | 0 | _aTürk romanı | |
| 650 | 0 | _aTurkish fiction | |
| 650 | 7 |
_aLITERARY COLLECTIONS / Middle Eastern _2bisacsh |
|
| 856 | 4 | 0 | _uhttp://search.ebscohost.com/login.aspx?direct=true&scope=site&db=e011xww&AN=668084 |
| 999 |
_c5060 _d5060 |
||